វិភាគទាន នៃ ការសិក្សា បន្សាំអ័រគីដេព្រៃ និង បច្ចេកទេសផ្សាំ (Record no. 3100)

000 -LEADER
fixed length control field 00557nam a22001577a 4500
003 - CONTROL NUMBER IDENTIFIER
control field OSt
005 - DATE AND TIME OF LATEST TRANSACTION
control field 20151104101244.0
008 - FIXED-LENGTH DATA ELEMENTS--GENERAL INFORMATION
fixed length control field 151104b xxu||||| |||| 00| 0 eng d
040 ## - CATALOGING SOURCE
Transcribing agency RUA
082 ## - DEWEY DECIMAL CLASSIFICATION NUMBER
Classification number FOR គ្រុយ 1995 B121 Or.1
100 ## - MAIN ENTRY--PERSONAL NAME
9 (RLIN) 3322
Personal name គ្រុយ ទីម៉េង
245 ## - TITLE STATEMENT
Title វិភាគទាន នៃ ការសិក្សា បន្សាំអ័រគីដេព្រៃ និង បច្ចេកទេសផ្សាំ
260 ## - PUBLICATION, DISTRIBUTION, ETC. (IMPRINT)
Place of publication, distribution, etc. Phnom Penh
Name of publisher, distributor, etc. RUA
Date of publication, distribution, etc. 1995
300 ## - PHYSICAL DESCRIPTION
Extent 86p.
Other physical details ill.
Dimensions 29cm.
942 ## - ADDED ENTRY ELEMENTS (KOHA)
Source of classification or shelving scheme
Koha item type FOR
Holdings
Price effective from Date last seen Permanent Location Not for loan Date acquired Source of classification or shelving scheme Koha item type Lost status Withdrawn status Date last checked out Total Checkouts Shelving location Damaged status Barcode Current Location Full call number
2015-11-042025-03-28Library Block B 2015-11-04 FOR  2025-03-041B121 RUA026717Library Block BFOR គ្រុយ 1995 B121 Or.1
មជ្ឈមណ្ឌលឯការនៃសាកលវិទ្យាល័យភូមិន្ទកសិកម្មចំការដូង

Powered by Koha